Stoner Metal Bands - Statistics

General Stats
  • This quiz has been taken 58 times
  • The average score is 9 of 25
Answer Stats
Album Band % Correct
Sleep's Holy Mountain Sleep
92%
Come My Fanatics... Electric Wizard
86%
Welcome to Sky Valley Kyuss
80%
NOLA DOWN
61%
Death Is This Communion High On Fire
53%
Akuma No Uta Boris
51%
Pilgrimage OM
51%
The Ethereal Mirror Cathedral
47%
Busse Woods Acid King
45%
Under Acid Hoof Acid Mammoth
39%
Bleeder Mutoid Man
31%
Houses of the Unholy Church of Misery
27%
Murder the Mountains Red Fang
25%
Age of Winters The Sword
24%
The Illusion of Motion YOB
24%
Time Travelling Blues Orange Goblin
18%
Deliverance Corrosion of Conformity
14%
Vænir Monolord
14%
Woodland Rites Green Lung
12%
Ode to Io Lowrider
12%
Ad Astra Spiritual Beggars
12%
Seven Thunders Roar Stoned Jesus
12%
Jug Fulla Sun Spirit Caravan
10%
Meanderthal Torche
8%
Reflections of a Floating World Elder
4%
No matching quizzes found
Score Distribution
Percent of People with Each Score
Percentile by Number Answered
Your Score History
You have not taken this quiz